Turbulence (Record no. 5373)

000 -LEADER
fixed length control field 00511nam a2200205 i 4500
001 - CONTROL NUMBER
control field 5373
003 - CONTROL NUMBER IDENTIFIER
control field BD-DhUET
008 - FIXED-LENGTH DATA ELEMENTS--GENERAL INFORMATION
fixed length control field 750220s1975 nyua b 001 0 eng
020 ## - INTERNATIONAL STANDARD BOOK NUMBER
International Standard Book Number 0070290377
040 ## - CATALOGING SOURCE
Original cataloging agency DLC
Transcribing agency DLC
Modifying agency BD-DhUET
082 00 - DEWEY DECIMAL CLASSIFICATION NUMBER
Classification number 532.56
Item number HIN/1975
100 1# - MAIN ENTRY--PERSONAL NAME
Personal name Hinze, J. O.
245 00 - TITLE STATEMENT
Title Turbulence
250 ## - EDITION STATEMENT
Edition statement 2nd ed.
260 ## - PUBLICATION, DISTRIBUTION, ETC. (IMPRINT)
Place of publication, distribution, etc. New York
Name of publisher, distributor, etc. McGraw-Hill
Date of publication, distribution, etc. 1975
300 ## - PHYSICAL DESCRIPTION
Extent x,790p.
Other physical details ill.
Dimensions 24 cm.
490 0# - SERIES STATEMENT
Series statement McGraw-Hill series in mechanical engineering
650 #0 - SUBJECT ADDED ENTRY--TOPICAL TERM
Topical term or geographic name as entry element Turbulence
942 ## - ADDED ENTRY ELEMENTS (KOHA)
Koha item type General Book
Holdings
Source of classification or shelving scheme Date acquired Piece designation (barcode) Location (home branch) Lost status Copy number Koha normalized classification for sorting Damaged status Koha date last seen Koha item type Not for loan Koha issues (times borrowed) Price effective from Koha full call number Sublocation or collection (holding branch) Withdrawn status Koha date last borrowed Shelving location
 2014-11-2663813Central Library, BUET 1532_560000000000000_HIN_1975 2014-11-26General Book  2014-11-26532.56/HIN/1975Central Library, BUET  Circulation section
 2014-11-2663816Central Library, BUET 2532_560000000000000_HIN_1975 2014-11-26General Book  2014-11-26532.56/HIN/1975Central Library, BUET  Circulation section
 2014-12-0744334Central Library, BUET 3532_560000000000000_HIN_1975 2014-12-07General Book  2014-12-07532.56/HIN/1975Central Library, BUET  Circulation section
 2014-12-0763807Central Library, BUET 4532_560000000000000_HIN_1975 2014-12-07General Book  2014-12-07532.56/HIN/1975Central Library, BUET  Circulation section
 2014-12-0763812Central Library, BUET 5532_560000000000000_HIN_1975 2015-03-29General Book 12014-12-07532.56/HIN/1975Central Library, BUET 2015-03-25Circulation section
 2014-12-0763805Central Library, BUET 6532_560000000000000_HIN_1975 2014-12-07General Book  2014-12-07532.56/HIN/1975Central Library, BUET  Circulation section
 2014-12-0763810Central Library, BUET 7532_560000000000000_HIN_1975 2014-12-07General Book  2014-12-07532.56/HIN/1975Central Library, BUET  Circulation section
 2014-12-0763808Central Library, BUET 8532_560000000000000_HIN_1975 2014-12-07General Book  2014-12-07532.56/HIN/1975Central Library, BUET  Circulation section
 2014-12-0763809Central Library, BUET 9532_560000000000000_HIN_1975 2014-12-07General Book  2014-12-07532.56/HIN/1975Central Library, BUET  Circulation section
 2014-12-0763806Central Library, BUET 10532_560000000000000_HIN_1975 2023-02-28General Book 12014-12-07532.56/HIN/1975Central Library, BUET 2022-11-14Circulation section
 2014-12-0763815Central Library, BUET 11532_560000000000000_HIN_1975 2015-09-14General Book 12014-12-07532.56/HIN/1975Central Library, BUET 2015-05-26Circulation section
 2015-03-0939158Central Library, BUET 12532_560000000000000_HIN_1975 2015-03-09General Book  2015-03-09532.56/HIN/1975Central Library, BUET  Circulation section
 2015-06-0758968Central Library, BUET 13532_560000000000000_HIN_1975 2015-06-07Reading Item  2015-06-07532.56/HIN/1975Central Library, BUET  Reading section
 2015-06-0760653Central Library, BUET 14532_560000000000000_HIN_1975 2015-06-07Reading Item  2015-06-07532.56/HIN/1975Central Library, BUET  Reading section
 2015-06-2352729Central Library, BUET 15532_560000000000000_HIN_1975 2015-06-23Reading Item  2015-06-23532.56/HIN/1975Central Library, BUET  Reading section
 1985-06-2963811Central Library, BUET 16532_560000000000000_HIN_1975 2024-11-27General Book 12024-11-16532.56 HIN/1975Central Library, BUET 2024-11-27Circulation section
 2024-11-16 Central Library, BUET  532_560000000000000_HIN_1975 2024-11-16General Book  2024-11-16532.56 HIN/1975Central Library, BUET   
 2025-09-0339159Central Library, BUET 18532_560000000000000_HIN_1975 2024-11-16General Book  2024-11-16532.56 HIN/1975Central Library, BUET  Circulation section